Global Politics A (Record no. 11295)

MARC details
000 -LEADER
fixed length control field 00576nam a22002057a 4500
005 - DATE AND TIME OF LATEST TRANSACTION
control field 20220521130343.0
008 - FIXED-LENGTH DATA ELEMENTS--GENERAL INFORMATION
fixed length control field 220521b ||||| |||| 00| 0 eng d
020 ## - INTERNATIONAL STANDARD BOOK NUMBER
International Standard Book Number 9789381667743
040 ## - CATALOGING SOURCE
Original cataloging agency IN-DiNC
Transcribing agency IN-DiNC
041 ## - LANGUAGE CODE
Language code of sung or spoken text Assamese
100 ## - MAIN ENTRY--PERSONAL NAME
Personal name Pal Kripesh Chandra
Relator term Author
245 ## - TITLE STATEMENT
Title Global Politics A
Statement of responsibility, etc. by Kripesh Chandra Pal
250 ## - EDITION STATEMENT
Edition statement 1st ed.
260 ## - PUBLICATION, DISTRIBUTION, ETC.
Place of publication, distribution, etc. Guwahati
Name of publisher, distributor, etc. Arun prakashan
Date of publication, distribution, etc. 2021
300 ## - PHYSICAL DESCRIPTION
Extent 224p.
700 ## - ADDED ENTRY--PERSONAL NAME
Personal name Pratul Chandra Nayak
Relator term Author
700 ## - ADDED ENTRY--PERSONAL NAME
Personal name Ratul Chandra Kalita
Relator term Author
700 ## - ADDED ENTRY--PERSONAL NAME
Personal name Moinul Haque Choudhury
Relator term Author
942 ## - ADDED ENTRY ELEMENTS (KOHA)
Source of classification or shelving scheme Dewey Decimal Classification
Koha item type Books
Holdings
Withdrawn status Lost status Source of classification or shelving scheme Damaged status Not for loan Collection code Home library Current library Shelving location Date acquired Cost, normal purchase price Total Checkouts Barcode Date last seen Date last checked out Copy number Price effective from Koha item type
    Dewey Decimal Classification     Political Science Central Library, Naharkatiya College Central Library, Naharkatiya College General Stacks 21/05/2022 300.00 4 28918 02/08/2023 24/08/2022 1 21/05/2022 Books
    Dewey Decimal Classification     Political Science Central Library, Naharkatiya College Central Library, Naharkatiya College General Stacks 21/05/2022 300.00 10 28919 17/11/2025 08/10/2025 2 21/05/2022 Books
    Dewey Decimal Classification     Political Science Central Library, Naharkatiya College Central Library, Naharkatiya College General Stacks 21/05/2022 300.00 14 28920 08/06/2024 26/04/2024 3 21/05/2022 Books

Naharkatiya College © 2020. All rights reserved.

Powered By